One-Name Celebrities by Picture - Statistics

General Stats
  • This quiz has been taken 135 times
  • The average score is 12 of 15
Answer Stats
Picture Answer % Correct
Rihanna
96%
Adele
92%
Sia
90%
Drake
89%
Cher
88%
Prince
87%
Pink
86%
Eminem
82%
Zendaya
82%
Madonna
81%
Shakira
73%
Usher
71%
Bono
61%
Fergie
51%
Kesha
49%
No matching quizzes found
Score Distribution
Percent of People with Each Score
Percentile by Number Answered
Your Score History
You have not taken this quiz